| 000 | 00900nam a22002657a 4500 | ||
|---|---|---|---|
| 999 |
_c328140 _d328140 |
||
| 003 | BLK | ||
| 005 | 20231103005247.0 | ||
| 008 | 181218b bu ||||| |||| 00| 0 bu d | ||
| 020 | _a9789543894895 | ||
| 040 | _aBLK | ||
| 041 |
_aBUL _cBUL |
||
| 080 |
_aАмериканска литература (на САЩ) _b821.111(73) _z821.111(73)-31 _x-31 |
||
| 100 |
_aАлбърт, Мелиса _eпърви автор _91299 |
||
| 139 |
_aАлбърт, Мелиса _bА 47 |
||
| 245 |
_aЛешниковата гора _cМелиса Албърт; прев. от англ. Юлия Чернева |
||
| 260 |
_9209478 _aСофия _bЕра _c2018 |
||
| 300 |
_a360 с. _c21 см |
||
| 380 | _aX | ||
| 700 |
_aЧернева, Юлия Недкова _d1955- _9365526 |
||
| 852 |
_bП _cП 820(73)-31/А 47 |
||
| 942 |
_n0 _cKNG _022 _s1 |
||
| 999 | _d328140 | ||
| 999 | _d328140 | ||
| 944 |
_k _lCRON CRON |
||